Coldest Cities In New York - Statistics

General Stats
  • This quiz has been taken 14 times
  • The average score is 5 of 15
Answer Stats
Avg
High (F)
Answer % Correct
57.0 Buffalo
92%
57.0 Ithaca
58%
55.2 Binghamton
50%
55.4 Plattsburgh
50%
56.3 Oswego
42%
55.9 Watertown
42%
57.0 Glens Falls
33%
54.0 Lake Placid
33%
54.8 Massena
33%
55.3 Cooperstown
25%
51.6 Boonville
0%
53.7 Dannemora
0%
56.7 Delhi
0%
55.0 Gouverneur
0%
51.3 Indian Lake
0%
No matching quizzes found
Score Distribution
Percent of People with Each Score
Percentile by Number Answered
Your Score History
You have not taken this quiz